[Event "ITA-ch U16"]
[Site "Tarvisio"]
[Date "2014.06.29"]
[Round "1"]
[White "Barp, Alberto"]
[Black "Mannini, Leonardo"]
[Result "1-0"]
[WhiteElo "2034"]
[BlackElo "1659"]
[PlyCount "79"]
[EventDate "2014.06.29"]
[EventType "swiss"]
[EventRounds "9"]
[EventCountry "ITA"]
[SourceTitle "EXT 2015"]
[Source "ChessBase"]
[SourceDate "2014.11.20"]
[SourceVersion "1"]
[SourceVersionDate "2014.11.20"]
[SourceQuality "1"]

1. d4 d5 2. c4 Nc6 3. Nc3 e6 4. Nf3 Nf6 5. Bf4 Bb4 6. e3 0-0 7. Rc1 Ne4 8. Bd3 Nxc3 9. bxc3 Be7 10. 0-0 b6 11. cxd5 exd5 12. c4 Nb4 13. cxd5 Nxd5 14. Be4 Be6 15. Qc2 h6 16. Bxc7 Qd7 17. Bg3 Rac8 18. Qb2 Qa4 19. Qb3 Qxb3 20. axb3 Nc3 21. Bd3 Bxb3 22. Nd2 Be6 23. Ba6 Rc6 24. Nb1 Bb4 25. f3 Rb8 26. Bxb8 b5 27. Nxc3 Rxa6 28. Ne4 Bc4 29. Rf2 Ra3 30. Bd6 Bxd6 31. Nxd6 Bd3 32. Rb2 a6 33. Rc8+ Kh7 34. Nxf7 h5 35. h4 a5 36. g3 b4 37. Ng5+ Kg6 38. Rc6+ Kf5 39. Kg2 Ra1 40. e4+ 1-0